Database management systems : designing and building business applications /

Post takes a hands-on, applications-oriented--not a theory oriented--approach to DBMS focusing on teaching students how to evaluate a business situation & apply a solution by building a database application. The text contains in-depth coverage of two crucial topics for building databases: databa...

Полное описание

Сохранить в:
Библиографические подробности
Главный автор: Post, Gerald V.
Формат:
Опубликовано: Boston : Irwin/McGraw-Hill, c1999.
Предметы:
Метки: Добавить метку
Нет меток, Требуется 1-ая метка записи!

MARC

LEADER 00000cam a2200000 a 4500
020 |a 0072898933  |c TZS 71,750/= 
040 |a MUL  |b eng  |e AACR 
082 0 0 |a 005.74 POS 
100 1 |a Post, Gerald V. 
245 1 0 |a Database management systems :  |b designing and building business applications /  |c Gerald V. Post. 
260 |a Boston :  |b Irwin/McGraw-Hill,  |c c1999. 
300 |a xx, 508 p. :  |b ill. ;  |c 26 cm.  
504 |a Includes bibliographical references and index. 
505 |a Introduction 2 (23) PART 1 Systems Design 25 (98) Database Design 26 (37) Data Normalization 63 (60) PART 2 Queries 123 (66) Data Queries 124 (33) Advanced Queries and Subqueries 157 (32) Appendix: SQL Syntax 187 (2) PART 3 Applications 189 (132) Forms and Reports 190 (41) Calculations and Data Manipulation 231 (46) Appendix: Introduction to Programming 267 (10) Application Development 277 (44) Appendix: Database Applications in Visual Basic 310 (11) PART 4 Database Administration 321 (60) Physical Design 322 (29) Database Administration 351 (30) PART 5 Distribution and Integration of Data 381 (63) Distributed Databases and the Internet 382 (36) Appendix: Introduction to Oracle PL/SQL 412 (6) Object-Oriented Databases and Integrated Applications 418 (26) APPENDIX 444 (39) Database Projects 444 (39) Glossary 483 (17) Index 500 
520 |a Post takes a hands-on, applications-oriented--not a theory oriented--approach to DBMS focusing on teaching students how to evaluate a business situation & apply a solution by building a database application. The text contains in-depth coverage of two crucial topics for building databases: database design (normalization) & Structured Query Language-SQL (queries). Post includes many examples, exercises, & 2 sample databases to give students plenty of hands-on practice 
546 |a eng 
650 0 |a Database management. 
650 0 |a Database design. 
650 0 |a Business 
650 0 |a Management information systems. 
942 |c BK 
999 |c 6954  |d 6954